| 000 | 00614nam a2200205 4500 | ||
|---|---|---|---|
| 001 | 108949 | ||
| 003 | ES-MaACL | ||
| 005 | 20230906184738.0 | ||
| 007 | t| | ||
| 008 | 061121s1965 sp r ||||1| spa d | ||
| 100 | 1 |
_aMoore, Patrick. _982823 |
|
| 245 | 1 | 0 |
_aCiencia y ficción / _cPatrick Moore ; versión española de Victoriano Gil Pascual. |
| 260 |
_aMadrid : _bTaurus, _c1965. |
||
| 300 |
_a256 p. ; _c18 cm. |
||
| 490 | 1 |
_aSer y tiempo ; _v34 |
|
| 700 | 1 |
_aGil Pascual, Victoriano. _956856 |
|
| 830 | 0 |
_aSer y tiempo ; _v34 _9182364 |
|
| 852 |
_aES-MaACL _jC-28319 _bR.56868 |
||
| 999 |
_c108949 _d108949 |
||